| 000 | 00614nam a2200241 a 4500 | ||
|---|---|---|---|
| 001 | nice12345678 | ||
| 003 | IN_TiNIC | ||
| 005 | 20260116015012.0 | ||
| 008 | 080416s1980 newa grp 000 0 eng | ||
| 020 |
_a0883441969 _c150 |
||
| 082 | 0 | 0 |
_a266 _bNEL |
| 100 | _aNelson, Jack A | ||
| 245 | _aHunger for Justice the Politics Oof Food and Faith | ||
| 260 |
_aNew York _bOrbis Books _c1980 |
||
| 300 | _a230p | ||
| 500 | _aincludes index and biblioraphy | ||
| 505 | 2 | _aIndex | |
| 650 | _aChurch and Social Problems | ||
| 700 | 1 | _aNelson, Jack A | |
| 902 | _bSRS | ||
| 942 | _cBK | ||
| 999 |
_c17915 _d17915 |
||